000 00274nam a22001337a 4500
008 180927b xxu||||| |||| 00| 0 eng d
020 _a24894
041 _aeng
080 _a610.73
100 _a2
101 _aINF
245 _aMaternity Care
_cJensen
942 _2udc
_cBK
999 _c48599
_d48599